Microsoft office 2000 : Word 2000 toàn tập

Sách trình bày tất cả những vấn đề từ căn bản nhất như khởi động Word 2000; nhập, điều khiển tài liệu và chọn văn bản; định dạng trang... cho đến nâng cao như làm việc với các đồ họa và các đối tượnbg bản vẽ trong Word 2000; tạo các bảng...

Descripció completa

Guardat en:
Dades bibliogràfiques
Autor principal: Trần, Văn Tư
Format: Llibre
Idioma:Undetermined
Publicat: Hà Nội Thống Kê 1999
Matèries:
Etiquetes: Afegir etiqueta
Sense etiquetes, Sigues el primer a etiquetar aquest registre!
Thư viện lưu trữ: Trung tâm Học liệu Trường Đại học Cần Thơ
LEADER 01107nam a2200217Ia 4500
001 CTU_34173
008 210402s9999 xx 000 0 und d
020 |b 70.000đ 
082 |a 005.15 
082 |b T550 
100 |a Trần, Văn Tư 
245 0 |a Microsoft office 2000 : 
245 0 |b Word 2000 toàn tập 
245 0 |c Trần Văn Tư, Hoàng Phương 
260 |a Hà Nội 
260 |b Thống Kê 
260 |c 1999 
520 |a Sách trình bày tất cả những vấn đề từ căn bản nhất như khởi động Word 2000; nhập, điều khiển tài liệu và chọn văn bản; định dạng trang... cho đến nâng cao như làm việc với các đồ họa và các đối tượnbg bản vẽ trong Word 2000; tạo các bảng biểu; làm việc với các tài liệu trên Internet; in ấn; các tính năng quốc tế của Word 2000 
650 |a Word ( computer program language ) 
904 |i Minh,QHieu 
980 |a Trung tâm Học liệu Trường Đại học Cần Thơ